One 2022-23 NBA Player by Team - Statistics

General Stats
  • This quiz has been taken 239 times
  • The average score is 29 of 30
Answer Stats
Team Players Full List % Correct
76ers Joel Embiid | James Harden | Tyrese Maxey | Tobias Harris | De'Anthony Melton | P.J. Tucker | Shake Milton | Georges Niang | Danuel House Jr. | Montrezl Harrell | Matisse Thybulle | Furkan Korkmaz | Paul Reed | Saben Lee | Julian Champagnie | Jaden Springer | Michael Foster Jr. | Louis King | Mac McClung | Jalen McDaniels | Dewayne Dedmon
100%
Bucks Giannis Antetokounmpo | Jrue Holiday | Brook Lopez | Grayson Allen | Bobby Portis | Jevon Carter | Khris Middleton | Pat Connaughton | George Hill | Joe Ingles | Jordan Nwora | MarJon Beauchamp | Wesley Matthews | Serge Ibaka | A.J. Green | Sandro Mamukelashvili | Thanasis Antetokounmpo | Jae Crowder | Meyers Leonard | Lindell Wigginton | Goran Dragić
99%
Bulls DeMar DeRozan | Zach LaVine | Nikola Vučević | Patrick Williams | Ayo Dosunmu | Alex Caruso | Coby White | Goran Dragić | Javonte Green | Derrick Jones Jr. | Andre Drummond | Dalen Terry | Tony Bradley | Marko Simonovic | Malcolm Hill | Patrick Beverley | Carlik Jones | Terry Taylor
99%
Celtics Jayson Tatum | Jaylen Brown | Marcus Smart | Al Horford | Grant Williams | Derrick White | Malcolm Brogdon | Robert Williams | Sam Hauser | Blake Griffin | Luke Kornet | Payton Pritchard | Mfiondu Kabengele | Noah Vonleh | Justin Jackson | JD Davison | Justin Champagnie | Mike Muscala
99%
Heat Bam Adebayo | Tyler Herro | Kyle Lowry | Jimmy Butler | Caleb Martin | Max Strus | Victor Oladipo | Gabe Vincent | Haywood Highsmith | Duncan Robinson | Orlando Robinson | Nikola Jović | Dru Smith | Dewayne Dedmon | Jamal Cain | Udonis Haslem | Kevin Love | Jamaree Bouyea | Cody Zeller | Omer Yurtseven
99%
Lakers LeBron James | Anthony Davis | Lonnie Walker IV | Austin Reaves | Dennis Schröder | Russell Westbrook | Patrick Beverley | Troy Brown Jr. | Thomas Bryant | Wenyen Gabriel | Max Christie | Kendrick Nunn | Juan Toscano-Anderson | Matt Ryan | Damian Jones | Scotty Pippen Jr. | Sterling Brown | Cole Swider | D'Angelo Russell | Jarred Vanderbilt | Malik Beasley | Rui Hachimura | Mo Bamba | Davon Reed
99%
Mavericks Luka Dončić | Kyrie Irving | Spencer Dinwiddie | Dorian Finney-Smith | Reggie Bullock | Tim Hardaway Jr. | Christian Wood | Maxi Kleber | Josh Green | Dwight Powell | Kemba Walker | Frank Ntilikina | McKinley Wright IV | Dāvis Bertāns | JaVale McGee | Jaden Hardy | Facundo Campazzo | Theo Pinson | Tyler Dorsey | A.J. Lawson | Justin Holiday | Markieff Morris | Chris Silva
99%
Cavaliers Donovan Mitchell | Darius Garland | Evan Mobley | Jarrett Allen | Caris LeVert | Dean Wade | Cedi Osman | Lamar Stevens | Kevin Love | Isaac Okoro | Raul Neto | Robin Lopez | Mamadi Diakite | Isaiah Mobley | Ricky Rubio | Danny Green | Sam Merrill | Dylan Windler
98%
Grizzlies Ja Morant | Desmond Bane | Jaren Jackson Jr. | Dillon Brooks | Steven Adams | John Konchar | Tyus Jones | Santi Aldama | Brandon Clarke | David Roddy | Ziaire Williams | Jake LaRavia | Xavier Tillman Sr. | Kennedy Chandler | Vince Williams Jr. | Kenneth Lofton Jr. | Luke Kennard | Danny Green | Jacob Gilyard
98%
Hawks Trae Young | Dejounte Murray | De'Andre Hunter | John Collins | Bogdan Bogdanović | Clint Capela | Onyeka Okongwu | AJ Griffin | Aaron Holiday | Jalen Johnson | Justin Holiday | Trent Forrest | Jarrett Culver | Frank Kaminsky | Vit Krejci | Tyrese Martin | Saddiq Bey | Garrison Mathews | Bruno Fernando | Donovan Williams
98%
Suns Devin Booker | Chris Paul | Deandre Ayton | Mikal Bridges | Cameron Johnson | Torrey Craig | Cameron Payne | Damion Lee | Landry Shamet | Ish Wainright | Jock Landale | Bismack Biyombo | Josh Okogie | Duane Washington Jr. | Dario Šarić | Josh Hart
98%
Warriors Stephen Curry | Andrew Wiggins | Klay Thompson | Draymond Green | Jordan Poole | Donte DiVincenzo | Kevon Looney | Anthony Lamb | Jonathan Kuminga | Ty Jerome | Moses Moody | JaMychal Green | James Wiseman | Patrick Baldwin Jr. | Ryan Rollins | Andre Iguodala | Gary Payton II | Lester Quinones
98%
Clippers Paul George | Kawhi Leonard | Russell Westbrook | Marcus Morris | Ivica Zubac | Reggie Jackson | Norman Powell | John Wall | Luke Kennard | Nicolas Batum | Terance Mann | Robert Covington | Amir Coffey | Moussa Diabaté | Brandon Boston Jr. | Jason Preston | Moses Brown | Eric Gordon | Mason Plumlee | Bones Hyland | Xavier Moon
97%
Hornets LaMelo Ball | Terry Rozier | Gordon Hayward | Kelly Oubre Jr. | P.J. Washington | Mason Plumlee | Dennis Smith Jr. | Jalen McDaniels | Nick Richards | Théo Maledon | Cody Martin | James Bouknight | Mark Williams | Bryce McGowens | JT Thor | Kai Jones | Svi Mykhailiuk | Xavier Sneed | Kobi Simmons
97%
Kings De'Aaron Fox | Domantas Sabonis | Harrison Barnes | Kevin Huerter | Keegan Murray | Malik Monk | Davion Mitchell | Trey Lyles | Terence Davis | Chimezie Metu | Richaun Holmes | KZ Okpala | Matthew Dellavedova | Neemias Queta | Alex Len | Chima Moneke | Keon Ellis | Kessler Edwards | PJ Dozier | Deonte Burton
97%
Knicks Julius Randle | RJ Barrett | Jalen Brunson | Quentin Grimes | Immanuel Quickley | Mitchell Robinson | Cam Reddish | Isaiah Hartenstein | Evan Fournier | Obi Toppin | Miles McBride | Derrick Rose | Jericho Sims | Svi Mykhailiuk | Ryan Arcidiacono | Trevor Keels
97%
Nets Kevin Durant | Kyrie Irving | Royce O'Neale | Nic Claxton | Ben Simmons | Joe Harris | Seth Curry | T.J. Warren | Yuta Watanabe | Edmond Sumner | Cam Thomas | Patty Mills | Markieff Morris | David Duke Jr. | Day'Ron Sharpe | Kessler Edwards | Alondes Williams | Spencer Dinwiddie | RaiQuan Gray | Mikal Bridges | Cameron Johnson | Dorian Finney-Smith | Nerlens Noël | Dru Smith | Moses Brown
97%
Nuggets Nikola Jokić | Jamal Murray | Kentavious Caldwell-Pope | Aaron Gordon | Michael Porter Jr. | Bruce Brown | Bones Hyland | Jeff Green | Christian Braun | DeAndre Jordan | Vlatko Čančar | Zeke Nnaji | Davon Reed | Ish Smith | Jack White | Peyton Watson | Thomas Bryant | Reggie Jackson
97%
Pelicans Zion Williamson | CJ McCollum | Brandon Ingram | Trey Murphy III | Herbert Jones | Jonas Valančiūnas | Naji Marshall | Larry Nance Jr. | Jose Alvarado | Dyson Daniels | Devonte' Graham | Jaxson Hayes | Willy Hernangómez | Kira Lewis Jr. | Garrett Temple | Dereon Seabron | Josh Richardson
97%
Timberwolves Karl-Anthony Towns | Anthony Edwards | D'Angelo Russell | Rudy Gobert | Jaden McDaniels | Kyle Anderson | Jaylen Nowell | Austin Rivers | Taurean Prince | Naz Reid | Jordan McLaughlin | Bryn Forbes | Matt Ryan | Luka Garza | Wendell Moore Jr. | Nathan Knight | Josh Minott | A.J. Lawson | Mike Conley | Nickeil Alexander-Walker
97%
Thunder Shai Gilgeous-Alexander | Josh Giddey | Luguentz Dort | Jalen Williams | Aleksej Pokusevski | Kenrich Williams | Jeremiah Robinson-Earl | Tre Mann | Aaron Wiggins | Darius Bazley | Ousmane Dieng | Mike Muscala | Isaiah Joe | Jaylin Williams | Eugene Omoruyi | Lindy Waters III | Dario Šarić | Jared Butler | Olivier Sarr
96%
Trail Blazers Damian Lillard | Jerami Grant | Anfernee Simons | Josh Hart | Jusuf Nurkić | Justise Winslow | Shaedon Sharpe | Drew Eubanks | Trendon Watford | Nassir Little | Keon Johnson | Gary Payton II | Jabari Walker | Greg Brown III | John Butler | Skylar Mays | Matisse Thybulle | Cam Reddish | Jeenathan Williams | Shaquille Harrison | Justin Minaya | Chance Comanche | Kevin Knox | Ryan Arcidiacono
96%
Raptors Pascal Siakam | OG Anunoby | Fred VanVleet | Scottie Barnes | Gary Trent Jr. | Chris Boucher | Precious Achiuwa | Otto Porter Jr. | Juancho Hernangómez | Thaddeus Young | Christian Koloko | Malachi Flynn | Dalano Banton | Khem Birch | Jeff Dowtin | Ron Harper Jr. | Justin Champagnie | Jakob Poeltl | Will Barton | Joe Wieskamp
95%
Jazz Lauri Markkanen | Jordan Clarkson | Mike Conley | Kelly Olynyk | Malik Beasley | Jarred Vanderbilt | Collin Sexton | Walker Kessler | Talen Horton-Tucker | Rudy Gay | Nickeil Alexander-Walker | Simone Fontecchio | Ochai Agbaji | Leandro Bolmaro | Micah Potter | Udoka Azubuike | Kris Dunn | Luka Šamanić | Damian Jones | Juan Toscano-Anderson | Johnny Juzang | Jarrell Brantley | Frank Jackson
94%
Magic Paolo Banchero | Franz Wagner | Wendell Carter Jr. | Jalen Suggs | Markelle Fultz | Cole Anthony | Bol Bol | Moritz Wagner | Gary Harris | Terrence Ross | Chuma Okeke | Mo Bamba | Caleb Houstan | R.J. Hampton | Admiral Schofield | Kevon Harris | Jay Scrubb | Goga Bitadze | Jonathan Isaac | Michael Carter-Williams
94%
Pacers Tyrese Haliburton | Buddy Hield | Myles Turner | Bennedict Mathurin | Andrew Nembhard | Aaron Nesmith | Jalen Smith | T.J. McConnell | Chris Duarte | Oshae Brissett | Isaiah Jackson | Trevelin Queen | Goga Bitadze | James Johnson | Terry Taylor | Kendall Brown | Jordan Nwora | Gabe York | Daniel Theis | George Hill
94%
Wizards Bradley Beal | Kristaps Porziņģis | Kyle Kuzma | Monte Morris | Corey Kispert | Deni Avdija | Rui Hachimura | Will Barton | Delon Wright | Jordan Goodwin | Daniel Gafford | Anthony Gill | Taj Gibson | Devon Dotson | Johnny Davis | Isaiah Todd | Jordan Schakel | Vernon Carey Jr. | Quenton Jackson | Kendrick Nunn | Jay Huff | Xavier Cooks | Jamaree Bouyea
94%
Pistons Cade Cunningham | Bojan Bogdanović | Jaden Ivey | Isaiah Stewart | Saddiq Bey | Killian Hayes | Jalen Duren | Alec Burks | Marvin Bagley III | Isaiah Livers | Cory Joseph | Hamidou Diallo | Kevin Knox | Rodney McGruder | Nerlens Noel | Braxton Key | Buddy Boeheim | James Wiseman | Eugene Omoruyi | R.J. Hampton | Jared Rhoden | Stanley Umude
91%
Rockets Kevin Porter Jr. | Jalen Green | Eric Gordon | Jabari Smith Jr. | Alperen Şengün | Kenyon Martin Jr. | Jae'Sean Tate | Tari Eason | Usman Garuba | Daishen Nix | Garrison Mathews | Bruno Fernando | TyTy Washington Jr. | Josh Christopher | Boban Marjanović | Trevor Hudgins | Frank Kaminsky | Darius Days
91%
Spurs Keldon Johnson | Devin Vassell | Tre Jones | Jakob Poeltl | Jeremy Sochan | Joshua Primo | Josh Richardson | Zach Collins | Doug McDermott | Romeo Langford | Malaki Branham | Keita Bates-Diop | Charles Bassey | Stanley Johnson | Gorgui Dieng | Blake Wesley | Isaiah Roby | Jordan Hall | Alize Johnson | Dominick Barlow | Devonte' Graham | Sandro Mamukelashvili | Julian Champagnie
86%
No matching quizzes found
Score Distribution
Percent of People with Each Score
Percentile by Number Answered
Your Score History
You have not taken this quiz